Central Library OPAC University of Rajshahi
Normal view MARC view

Entry Personal Name

Number of records used in: 1

001 - CONTROL NUMBER

  • control field: 11909

003 - CONTROL NUMBER IDENTIFIER

  • control field: BD-RjUL

005 - DATE AND TIME OF LATEST TRANSACTION

  • control field: 20240225153550.0

008 - FIXED-LENGTH DATA ELEMENTS

  • fixed length control field: 240225|| aca||aabn | a|a d

040 ## - CATALOGING SOURCE

  • Original cataloging agency: BD-RjUL
  • Transcribing agency: BD-RjUL

100 ## - HEADING--PERSONAL NAME

  • Personal name: ابینسون٫ الیس م ر =Robinson, Alice M

670 ## - SOURCE DATA FOUND

  • Source citation: Work cat.: (BD-RjUL)80430: ابینسون٫ الیس م ر =Robinson, Alice M., پرستاری روانی =The Psychiatric aide : a text book of Patient care / , 1964